000 00250nam a22001097a 4500
082 _a621.381528 BAR'T
100 _aBARNES, L
_980493
245 _aTRANSISTORS FOR TECHNICAL COLLEGE
260 _aLONDON
_bILIFFE
_c1965
300 _a194P
942 _cBK
999 _c585418
_d585418